000 00518nam a2200193 a 4500
001 1773825107225
003 YourLibrary
005 20260318144535.0
008 260318s2008##################000#0#eng##
020 _a9781578085422
082 0 4 _a338.1BOU
100 1 _aBoussard, Jean-Marc,
_eauthor.
245 1 0 _aShould Global Agriculture be Liberalized? :
260 _bCRC Press,
_c2008.
300 _a190 pages
650 0 _aBusiness & Economics.
942 _cENGLISH
040 _aYourLibrary
_beng
_cYourLibrary
999 _c617848
_d617848